000 00447nam a2200181Ia 4500
001 16386
005 20260306170305.0
008 260306t2019||||xx |||||||||||||| ||und||
041 _aESP
082 _a348.55
_bL21
100 _aLamas Suárez, Gerardo Luis
_eAUT
245 0 _aCibercrimen, bitcoins y lavado de activos
260 _c2019
300 _a151 páginas :
_c24 cm.
650 _aGEN
654 _aCDE
942 _cLIB
_dJUS
_fJUS
_2ddc
_n
999 _c16386
_d16386